On This Day: May 27th II Quiz Stats

 Plays Quiz Updated May 27, 2018

Score 0/7 Timer 03:00
0 Plays Today
Question Answer Wrong Answers
The Sino-British Joint Declaration enters into force, with Britain agreeing to return ______ to China in 1997.
1985
Hong Kong
88.8%
Tibet
6.7%
Macau
2.6%
Sichuan
0.9%
In a radio address, this US President proclaims an ‘unlimited national emergency’, hoping to sway isolationists to his belief that aiding Europe was in America’s best interest.
1941
Franklin D. Roosevelt
84.2%
Harry S. Truman
8.5%
Dwight D. Eisenhower
5.5%
Herbert Hoover
1.7%
Thirty-eight military officers stage a coup d'état and install General Cemal Gürsel as president of this transcontinental country.
1960
Turkey
80.3%
Russia
5.7%
Greece
6.2%
Egypt
7.3%
The International Criminal Tribunal for the former Yugoslavia announces an indictment of ______ and four others for war crimes and crimes against humanity committed in Kosovo.
1999
Slobodan Milošević
79.5%
Josip Broz Tito
10.1%
Muammar Gaddafi
5.2%
Idi Amin
3.5%
This song by the Sex Pistols is released, sparking controversy in Britain and leading to a ban of the song by the BBC.
1977
God Save the Queen
75.8%
London Calling
11.2%
Blitzkrieg Bop
10.7%
Johnny B Goode
1.7%
This iconic English actor, who played Saruman in ‘The Lord of the Rings’ franchise and Count Dooku in the ‘Star Wars’ prequel trilogy, is born.
1922
Christopher Lee
61.6%
Ian McKellen
34.1%
Boris Karloff
2%
Roger Moore
2.2%
This first incarnation of this popular late-night talk show, which was primarily aimed at the so-called ‘MTV Generation’, airs for the last time.
1994
The Arsenio Hall Show
51.3%
The Pat Sajak Show
2.1%
Last Call with Carson Daly
27.6%
The Tonight Show
17.6%

You're not logged in!

Compare scores with friends on all Sporcle quizzes.
OR
Log In

Sporcle TV

Today on Sporcle TV


Watch our educational content, quiz creation guides, and fun videos on Sporcle TV.

Show Comments

Extras

Top Quizzes Today


Score Distribution

Your Account Isn't Verified!

In order to create a playlist on Sporcle, you need to verify the email address you used during registration. Go to your Sporcle Settings to finish the process.

Report this User

Report this user for behavior that violates our Community Guidelines.

Details: